Les 20 îles les plus peuplées - Statistiques

Statistiques générales
  • Ce quiz a été pris 96 fois
  • Le résultat moyen est 9 sur 20
Statistiques - réponses
Population Île % Correct
28,5M Madagascar
74%
21,91M Sri Lanka
68%
23,9M Taïwan
64%
151,6M Java (Indonésie)
62%
23,72M Bornéo (Indonésie)
61%
11,32M Cuba
61%
66,4M Grande Bretagne (Royaume-Uni)
54%
104,0M Honshu (Japon)
53%
7,03M Irlande
53%
59,2M Sumatra (Indonésie)
51%
12,65M Kyushu (Japon)
39%
22,28M Hispaniola (Haïti/République Dominicaine)
38%
64,3M Luçon (Philippines)
38%
5,88M Singapour
36%
14,80M Nouvelle-Guinée
33%
20,16M Célèbes (Indonésie)
21%
10,08M Hainan (Chine)
18%
27,0M Mindanao (Philippines)
15%
8,06M Long Island (USA)
10%
23,73M Salsette (Inde)
3%
Aucun quiz correspondant
Distribution des résultats
% des personnes avec chaque résultat
Percentile par nombre de réponses
Votre historique - résultats
Vous n’avez pas pris ce quiz